ロード中...
From MTV to Mecca
| 第一著者: | |
|---|---|
| その他の著者: | |
| フォーマット: | Printed Book |
| 出版事項: |
Thrissur
VICharam Books
2015
|
| 主題: |
| LEADER | 00525nam a2200181 4500 | ||
|---|---|---|---|
| 020 | |a 9789351266983 | ||
| 082 | |a 297 KAM | ||
| 100 | |a Kristiane Backer | ||
| 245 | |a From MTV to Mecca |h MALAYALAM | ||
| 250 | |||
| 260 | |a Thrissur |b VICharam Books |c 2015 | ||
| 300 | |a 455 P |b PB |f Book | ||
| 500 | |||
| 650 | |a MTV to Mecca | ||
| 700 | |a Kamaludheen, K. P., Tr. |e Editor | ||
| 942 | |c BK | ||
| 999 | |c 269299 |d 269299 | ||
| 952 | |0 0 |1 0 |4 0 |6 297_000000000000000_KAM |7 0 |9 286018 |a LIN |b LIN |d 2015-11-24 |l 0 |o 297 KAM |p LIN9898 |r 2020-02-06 |w 2020-02-06 |y BK | ||